00523 2200205 4500001002100000005001500021035002000036007000300056008004100059082001200100084001800112100001700130245003700147250001200184260004400196300002100240600003700261856000800298990001100306INLIS00000000000036920260409101029 a0010-0426000028ta260409 0  a297.346 a297.346 EMA k0 aEMA WARDHANA1 aKOMIK 25 NABI & RASUL BUKU KEDUA aPERTAMA aSurabaya :bKARYA GEMILANG UTAMA,c2005 a160 hlm ;c21 cm 4aKOMIK 25 NABI & RASUL BUKU KEDUA a300 a35.108